| 000 | 00428nam a2200145Ia 4500 | ||
|---|---|---|---|
| 008 | 210210b1969 xxu||||| |||| 00| 0 eng d | ||
| 082 | _a940.27 GRAE | ||
| 100 | _aGRANT (A J) and TEMPERLEY (Harold). | ||
| 245 | _aEurope in the nineteenth and twentieth centuries (1789-1950). Ed 6. | ||
| 250 | _a | ||
| 260 |
_aLondon. _bLongmans Green And Co Ltd., _c1969 |
||
| 300 | _axxii,603 | ||
| 690 | _aEuropean History | ||
| 906 | _a028192 | ||
| 999 |
_c79446 _d79446 |
||